Handbook of Mountaineering: (Record no. 213259)
[ view plain ]
| 000 -LEADER | |
|---|---|
| fixed length control field | 00608nam a22001937a 4500 |
| 005 - DATE AND TIME OF LATEST TRANSACTION | |
| control field | 20250902163345.0 |
| 010 ## - LCCN (DPL NO) | |
| LC control number | ENG-146569 |
| 020 ## - INTERNATIONAL STANDARD BOOK NUMBER | |
| Terms of availability | 300.00 |
| International Standard Book Number | 9789348521965(Vol 1) |
| 035 ## - SYSTEM CONTROL NUMBER | |
| System control number | EN-130101 |
| 037 ## - SOURCE OF ACQUISITION | |
| Source of stock number/acquisition | DBAD |
| 082 ## - DEWEY DECIMAL CLASSIFICATION NUMBER | |
| Classification number | 796.5220924 |
| Edition number | 1 |
| 245 ## - TITLE STATEMENT | |
| Title | Handbook of Mountaineering: |
| Remainder of title | Sahyadri & Rock Climbing/ |
| 250 ## - EDITION STATEMENT | |
| Edition statement | 1 |
| 260 ## - PUBLICATION, DISTRIBUTION, ETC. (IMPRINT) | |
| Place of publication, distribution, etc | Shaniwar Peth |
| Name of publisher, distributor, etc | Rohan Prakashan |
| Date of publication, distribution, etc | 2025 |
| 270 ## - ADDRESS | |
| Address | Dhavalgiri Apartments, 430 Shaniwar Peth |
| City | Pune |
| Postal code | 411030 |
| Electronic mail address | rohanprakashan@gmail.com |
| Telephone number | 02223892378 |
| 300 ## - PHYSICAL DESCRIPTION | |
| Extent | 211p. |
| Dimensions | 21cm(pb) |
| Other physical details | Index |
| 490 ## - SERIES STATEMENT | |
| Volume number/sequential designation | 1 |
| 942 ## - ADDED ENTRY ELEMENTS (KOHA) | |
| Source of classification or shelving scheme | Dewey Decimal Classification |
| Item type | English Books |
| Call number suffix | HAN |
| Classification part | 796.5220924 |
| Withdrawn status | Lost status | Not for loan | Collection code | Home library | Current library | Date acquired | Source of acquisition | Cost, normal purchase price | Full call number | Barcode | Copy number | Cost, replacement price | Koha item type |
|---|---|---|---|---|---|---|---|---|---|---|---|---|---|
| Non-fiction | Mobile Library | Mobile Library | 02/09/2025 | Delivery of Books Act Division | 300.00 | HAN 796.5220924 | EN-130101 | 1 | 300.00 | English Books |
